Name a Valid Answer - Pokémon - Statistics

General Stats
  • This quiz has been taken 111 times
  • The average score is 9 of 20
Answer Stats
Hint Answer % Correct
Grass-type Starter Pokémon Bulbasaur | Chikorita | Treecko | Turtwig | Snivy | Chespin | Rowlet | Grookey | Sprigatito
100%
Base-form Pokémon that weighs over 2,000 lbs Celesteela | Cosmoem | Eternatus | Groudon | Mudsdale
68%
Alola Region Kahuna Hala | Olivia | Nanu | Hapu
61%
EV Vitamin HP Up | Protein | Iron | Calcium | Zinc | Carbos
53%
Member of your friend group in Pokémon X and Y Serena | Calem | Shauna | Tierno | Trevor
52%
VGC Masters World Champion between 2011 and 2016 Ray Rizzo | Arash Ommati | Se-jun Park | Shoma Honami | Wolfe Glick
49%
Base-form Pokémon that is over 35 feet tall Eternatus | Wailord | Dondozo | Alolan Exeggutor
48%
Ace Pokémon of a Team Galactic Commander Purugly | Skuntank | Toxicroak
48%
City with a Ghost-type Gym Leader Ecruteak | Hearthome | Stow-on-Side | Montenevera
47%
Noble Pokemon in Hisui Kleavor | Hisuian Lilligant | Hisuian Arcanine | Hisuian Electrode | Hisuian Avalugg
47%
Form of Oricorio Baile | Pom-Pom | Pa'u | Sensu
43%
Named opponent of Ash Ketchum in a Sinnoh League battle Nando | Conway | Paul | Tobias
41%
Mystery Dungeon game Rescue Team Red/Blue | Explorers of Time/Darkness/Sky | Adventure Squad | Gates to Infinity | Super | Rescue Team DX
41%
Fire-type Pokémon that has at some point in time been able to learn Scald Emboar | Volcanion | Carkol | Coalossal | Sizzlipede | Centiskorch
39%
Pokémon used by Flint that is not Fire-type Steelix | Drifblim | Lopunny
34%
Trainers in Pokémon Black 2 and White 2 who own a Volcarona Alder | Benga
32%
Pokémon used by Volkner that is not Electric-type Ambipom | Octillery
23%
Title held by a Hoenn Frontier Brain Factory Head | Arena Tycoon | Dome Ace | Pike Queen | Palace Maven | Pyramid King | Salon Maiden
17%
Pokémon that learns Parting Shot by level-up in Scarlet and Violet Bombirdier | Munkidori | Pecharunt
14%
Team Cipher Admin in Pokémon Colosseum or XD Miror B. | Dakim | Venus | Ein | Lovrina | Snattle | Gorigan | Ardos | Eldes
14%
No matching quizzes found
Score Distribution
Percent of People with Each Score
Percentile by Number Answered
Your Score History
You have not taken this quiz